Православно-християнско учение за нравствеността ; Нравствено богослужение (Запис номер 342245)
[ съкратено ]
| 000 -Лидер | |
|---|---|
| Контролно поле с фиксирана дължина | 01060nam a2200265 c 4500 |
| 003 - Код на организацията, давaща контролен номер | |
| Контролно поле | BLK |
| 005 - Дата и час на последна редакция | |
| Контролно поле | 20190913121155.0 |
| 008 - Елементи от данни с фиксирана дължина | |
| fixed length control field | 180911b bul|||||r ||||||| ||bul|| |
| 010 ## - Наследен системен номер | |
| LC control number | 001884 |
| 040 ## - Източник на каталожния запис | |
| Идентификатор на билиотеката - собственик на записа | BLK |
| 041 ## - Код за език | |
| Код за езика на текст/звукозапис или на отделно заглавие | Български |
| 080 ## - УДК | |
| УДК - код + определител | 215 |
| 100 1# - Редна дума - Автор | |
| Автор | ПАШЕВ, Ганчо |
| Авторска отговорност | първи автор |
| 245 00 - Сведения за заглавието | |
| Заглавие | Православно-християнско учение за нравствеността ; Нравствено богослужение |
| 246 ## - Различни форми на заглавието | |
| Паралелно заглавие | Т. 1 : Основоположителен ; Ч. 1-2 : За нравствеността изобщо и за християнската нравственост |
| 260 ## - Област на издателските данни | |
| Място на издаване, разпространение и проч. | София |
| Име на издателя, разпространителя и проч. | Придворна печ. |
| Година на издаване | 1939 |
| 300 ## - Физическа характеристика | |
| Страници | 610 с |
| Размери/Мащаб | 24 см |
| 380 ## - Жанр | |
| Жанр | Религия. Теология |
| 490 ## - СЕРИИ (Колекции) | |
| Име на серия | Университетска библ |
| 490 ## - СЕРИИ (Колекции) | |
| Име на серия | Частна колекция - Академик Михаил Арнаудов |
| Бележки за серията | Дарение - Основен фонд |
| 655 ## - Ключова дума – жанр/разновидност | |
| Данни за жанр/разновидност или ключова дума за фокус | Религии |
| 700 1# - Други автори (авторска отговорност) | |
| Лично име | Г. Ст. Пашев |
| 852 ## - Местоположение | |
| Форматна сигнатура | МА 2203 |
| 942 ## - АРТИКУЛИ | |
| Вид на библиотечния материал | Книги |
| Скрит в OPAC | Не |
| 944 ## - СЪЗДАВАНЕ И РЕДАКЦИЯ на ЗАПИСА | |
| Създаване/Редакция | Създаване |
| Дата на регистрацията/редакция | 1997 |
| Служител, извършил регистрацията/редакцията | ValK |
| 999 ## - СИСТЕМНИ КОНТРОЛНИ НОМЕРА | |
| Koha biblionumber | 342245 |
| Koha biblioitemnumber | 342245 |
| Код за отписване | Код за изгубен артикул | Източник на класификационната схема | Код за повреда | Коз за рестрикции | Код за отдаване | Артикулен № | Име на библиотеката - собственик | Име на библиотеката, в която се намира в момента | Статус (Текущо местоположение) | Местоположение - отдел | Цена в лева | Номерация (Хронология) | Инвентарен номер | Систематично азбучна сигнатура | Баркод | Номер на екземпляра | Цена в евро | Служебен тип на артикула |
|---|---|---|---|---|---|---|---|---|---|---|---|---|---|---|---|---|---|---|
| Не е изгубен | Universal Decimal Classification | Не е повреден | без рестрикции | ползва се в читалня | 742296 | Регионална библиотека "Любен Каравелов" Русе | Регионална библиотека "Любен Каравелов" Русе | Фонд "Михаил Арнаудов" | Фонд "Михаил Арнаудов" | 130.00 | 589052 | МА 2203 | 120000589052 | 1 | 66.47 | Книги |